Normal view
MARC view
Entry Personal Name
001 - CONTROL NUMBER
- control field: 20134
003 - CONTROL NUMBER IDENTIFIER
- control field: ARRUPE
005 - DATE AND TIME OF LATEST TRANSACTION
- control field: 20151007104031.0
008 - FIXED-LENGTH DATA ELEMENTS
- fixed length control field: 151007|| aca||aabn | a|a d
040 ## - CATALOGING SOURCE
- Original cataloging agency: ARRUPE
- Transcribing agency: ARRUPE
100 ## - HEADING--PERSONAL NAME
- Personal name: Heidegger, Martin
- Dates associated with a name: 1889-1976
670 ## - SOURCE DATA FOUND
- Source citation: Work cat.: (ARRUPE)13831: Mulhall, Stephen 20132, Routledge philosophy guidebook to Heidegger and being and time, 1996